| 000 | 01045cam a22002777a 4500 | ||
|---|---|---|---|
| 001 | 12203191 | ||
| 003 | OSt | ||
| 005 | 20210203142735.0 | ||
| 008 | 001017m19979999ck a b f000 0 spa d | ||
| 010 | _a 00416167 | ||
| 020 | _a9588025133 | ||
| 040 |
_aNDD _cCO-JMCR |
||
| 041 | 0 | _aspa | |
| 082 | 0 | 4 |
_a338.064 / _bD419f _223 |
| 110 | 1 |
_aDepartamento Nacional se Planeación _eautor _913018 |
|
| 245 | 0 | 3 |
_aEl futuro del sistema colombiano de innovación / _cDepartamento Nacional de Planeación |
| 250 | _aPrimera edición | ||
| 260 |
_a[Bogotá, Colombia] : _bDepartamento Nacional de Planeación-Colciencias : _bGobierno del Japón-Banco Mundial, _c1998 |
||
| 300 |
_av.2 : _bilustraciones, fotografías a blanco y negro ; _c24 cm. |
||
| 505 | 1 | _av. 2. Informes finales. | |
| 650 | 2 | 4 |
_aInnovaciones tecnológicas _zColombia. _913019 |
| 650 | 2 | 4 |
_aDesarrollo tecnológico _zColombia _913020 |
| 650 | 2 | 4 |
_aCiencia y tecnología _zColombia _913021 |
| 710 | 2 |
_aColombia. _bDepartmento Nacional de Planeación. _913022 |
|
| 942 |
_2ddc _cBK |
||
| 999 |
_c7100 _d7100 |
||